Amazing Street Art Slideshow Quiz Stats

 Plays Quiz Updated Aug 19, 2015

Score 0/20 Timer 05:00
2 Plays Today
% Correct
Monopoly
99.5%
Pac-Man
94.9%
Teenage Mutant Ninja Turtles
94.6%
Eye glasses
93.9%
LEGOs
92.6%
Eiffel Tower
92.3%
Shark
92.3%
Ostrich
91.6%
Batman & Robin
91.4%
Zipper
90.9%
% Correct
Miss Piggy as Mona Lisa
90.7%
Clothespin
87.9%
Bruce Lee
83.5%
Glacier
83.4%
Edvard Munch: The Scream
80.1%
Rubik's Cube
74%
Calvin and Hobbes
73.1%
Dalai Lama
71.5%
Pablo Picasso: The Weeping Woman
71.3%
Sideshow Bob
60.9%

You're not logged in!

Compare scores with friends on all Sporcle quizzes.
OR
Log In

You Might Also Like...

Show Comments

Extras

Top Quizzes Today


Score Distribution

Your Account Isn't Verified!

In order to create a playlist on Sporcle, you need to verify the email address you used during registration. Go to your Sporcle Settings to finish the process.

Report this User

Report this user for behavior that violates our Community Guidelines.

Details: